| 000 | 00425nam a22001577a 4500 | ||
|---|---|---|---|
| 003 | Ost | ||
| 005 | 20140310183626.0 | ||
| 008 | 131025b xxu||||| |||| 00| 0 eng d | ||
| 020 | _a0716667983 | ||
| 050 |
_aAE 5 _b.W66 1998 |
||
| 245 | _aThe World book year book. Year book. / | ||
| 260 |
_aLondon : _bWorld Book International, _c1998. |
||
| 300 |
_a448 p. : _bill. (col.) ; _c25 cm. |
||
| 942 |
_2lcc _cBK |
||
| 999 |
_c25523 _d25523 |
||